[Event "Bundesliga 2009-10"]
[Site "Wattenscheid GER"]
[Date "2009.10.17"]
[Round "1"]
[White "Macieja,B"]
[Black "Schenk,An"]
[Result "1/2-1/2"]
[WhiteElo "2618"]
[BlackElo "2509"]

1.e4 c5 2.Nf3 d6 3.Bb5+ Nd7 4.d4 cxd4 5.Qxd4 a6 6.Bxd7+ Bxd7 7.Bg5 Rc8 8.Nc3 h6
9.Bh4 e5 10.Qd3 g5 11.Bg3 Nf6 12.h4 Rg8 13.hxg5 hxg5 14.Nd2 b5 15.a3 Qa5
16.Nb3 Qc7 17.O-O-O Be6 18.Kb1 Qc4 19.f3 Qxd3 20.Rxd3 Be7  1/2-1/2

[Event "Bundesliga 2009-10"]
[Site "Eppingen GER"]
[Date "2009.10.18"]
[Round "2"]
[White "Lupulescu,C"]
[Black "Vachier Lagrave,M"]
[Result "1/2-1/2"]
[WhiteElo "2599"]
[BlackElo "2718"]

1.e4 c5 2.Nf3 d6 3.Bb5+ Nc6 4.O-O Bd7 5.Re1 Nf6 6.h3 Ne5 7.Bxd7+ Nfxd7 8.Nxe5 Nxe5
9.d3 g6 10.c3 Bg7 11.d4 Nd7 12.Be3 O-O 13.Nd2 Rc8 14.Nf3 Qc7 15.Qd2 cxd4
16.Bxd4 a6 17.Bxg7 Kxg7 18.Qd4+ Nf6 19.e5 dxe5 20.Qxe5 Qxe5 21.Nxe5 Rfd8  1/2-1/2

[Event "Guernsey Open"]
[Site "Guernsey GCI"]
[Date "2009.10.18"]
[Round "1"]
[White "Heppell,I"]
[Black "Muller,Ant"]
[Result "1/2-1/2"]
[WhiteElo "2135"]
[BlackElo "1951"]

1.e4 c5 2.Nf3 d6 3.Bb5+ Bd7 4.Bxd7+ Nxd7 5.O-O Ngf6 6.Re1 e6 7.c3 Be7 8.d4 cxd4
9.cxd4 d5 10.e5 Ne4 11.Nbd2 Nxd2 12.Bxd2 O-O 13.Qe2 Rc8 14.Rac1 Nb6 15.Ba5 Qd7
16.Bxb6 axb6 17.a3 h6 18.h3 Qa4 19.Qd3 b5 20.b3 Qxa3 21.Qxb5 Qb4 22.Qd7  1/2-1/2

[Event "Chigorin Mem Open"]
[Site "St Petersburg RUS"]
[Date "2009.10.18"]
[Round "3"]
[White "Butuc,M"]
[Black "Ju,E"]
[Result "0-1"]
[WhiteElo "2215"]
[BlackElo "2285"]

1.e4 c5 2.Nf3 d6 3.Bb5+ Nc6 4.O-O Bd7 5.Re1 a6 6.Bf1 Bg4 7.c3 Nf6 8.d3 e6
9.Nbd2 Be7 10.h3 Bh5 11.g4 Bg6 12.Nh4 Nd7 13.Nxg6 hxg6 14.f4 b5 15.Nf3 O-O
16.Bg2 d5 17.exd5 exd5 18.d4 cxd4 19.Nxd4 Nxd4 20.cxd4 Nb6 21.Qd3 Rc8 22.b3 Bh4
23.Re2 Qd6 24.Bd2 Rfe8 25.Re5 Bf6 26.Ree1 Nc4 27.Rxe8+ Rxe8 28.g5 Nxd2 29.Qxd2 Bd8
30.Re1 Re6 31.Re5 Bb6 32.Kh1 Rxe5 33.fxe5 Qc6 34.Kh2 a5 35.Qd3 b4 36.Qa6 Kh8
37.h4 Qc7 38.Qd3 Qc3 39.Bf1 Bxd4 40.Qxc3 bxc3 41.Bd3 Bxe5+ 42.Kh3 Kg8 43.Kg4 Kf8
44.h5 gxh5+ 45.Kxh5 Ke7 46.g6 fxg6+ 47.Kxg6 Kd6 48.Kf5 Bh2 49.Kg4 Kc5 50.Kf3 Kb4
51.Ke2 Ka3 52.Kd1 Kb2 53.Bg6 Bd6 54.Bd3 g5  0-1

[Event "Chigorin Mem Open"]
[Site "St Petersburg RUS"]
[Date "2009.10.18"]
[Round "3"]
[White "Kashtanov,R"]
[Black "Papin,V"]
[Result "0-1"]
[WhiteElo "2343"]
[BlackElo "2529"]

1.e4 c5 2.Nf3 d6 3.Bb5+ Nd7 4.c3 Nf6 5.d3 e6 6.O-O a6 7.Ba4 c4 8.Bc2 cxd3
9.Qxd3 Qc7 10.Bf4 Be7 11.Rd1 Ne5 12.Nxe5 dxe5 13.Be3 Ng4 14.b4 Nxe3 15.Qxe3 O-O
16.Nd2 a5 17.bxa5 Rxa5 18.Bb3 Bd7 19.Qg3 Rc5 20.Rac1 Rc8 21.Nf3 Be8 22.Rd3 h6
23.Rcd1 b5 24.h3 Bf6 25.Nh2 Bg5 26.Nf3 Bf4 27.Qg4 Rxc3 28.Rxc3 Qxc3 29.g3 Bc1
30.Rd6 Bb2 31.Kg2 Qc7 32.Rd2 Bc3 33.Rd1 Qb7 34.Rd6 Qc7 35.Rd3 Qb7 36.Nd2 Kh8
37.Qe2 Bb4 38.Nf3 Bc6 39.Nxe5 Bxe4+ 40.Kh2 Bxd3 41.Qxd3 Bc3 42.Bc2 Kg8 43.Qh7+ Kf8
44.Be4 Qa6 45.Qh8+ Ke7 46.Qxg7 Bxe5 47.Qxe5 Qxa2 48.Kg2 Qc4 49.Bf3 b4 50.Qa5 Qc5
51.Qa4 Rd8 52.Qa2 Rd3 53.Be4 Rd4 54.Bf3 Rc4 55.Qa6 Rc2 56.Be2 Qc6+  0-1

[Event "USCL 2009"]
[Site "ICC INT"]
[Date "2009.10.19"]
[Round "8"]
[White "Wang,A"]
[Black "Ng,A"]
[Result "0-1"]
[WhiteElo "2090"]
[BlackElo "2113"]

1.e4 c5 2.Nf3 d6 3.Bb5+ Nd7 4.d4 Nf6 5.Nc3 cxd4 6.Qxd4 e5 7.Qd3 h6 8.Be3 Be7
9.O-O O-O 10.Rfd1 a6 11.Bc4 Nb6 12.Bb3 Be6 13.Nh4 Nc8 14.Bxe6 fxe6 15.Ng6 Re8
16.Qc4 Bf8 17.Nxe5 Qa5 18.Ng6 Qh5 19.Nf4 Qf7 20.a4 Ng4 21.Bc1 g5 22.Nd3 Nb6
23.Qb3 Nd7 24.f3 Nge5 25.Be3 Rac8 26.Bf2 g4 27.fxg4 Nxg4 28.Bg3 Nc5 29.Nxc5 Rxc5
30.Rf1 Qg7 31.Ne2 d5 32.h3 Ne5 33.Nf4 Nc4 34.Nh5 Qd4+ 35.Bf2 Qe5 36.Qf3 dxe4
37.Qg4+ Kh8 38.Bxc5 Bxc5+ 39.Kh1 Rg8 40.Qh4 Qg5 41.Qxg5 Rxg5 42.Nf4 Ne3 43.Rfc1 Rf5
44.Nxe6 Bb6 45.c4 Rf6 46.c5 Ba5 47.Nd4 Bd2 48.Rg1 Nf5 49.Ne2 Ne3 50.Ng3 Re6
51.b3 Nd5 52.Rgf1 e3 53.Rf8+ Kg7 54.Rd8 Re5 55.Rd7+ Kg6 56.Rxb7 e2 57.Nxe2 Rxe2
58.c6 Bf4 59.Rd7 Nf6 60.Ra7 Rb2 61.Rf1 Be5 62.Rc1 Ne4 63.Re1 Ng3+ 64.Kg1 Bd4+
65.Kh2 Bxa7 66.Kxg3 Bf2+ 67.Kg4 Bxe1 68.c7 Rc2  0-1

[Event "Chigorin Mem Open"]
[Site "St Petersburg RUS"]
[Date "2009.10.19"]
[Round "4"]
[White "Ivkina,O"]
[Black "Ju Wenjun"]
[Result "1/2-1/2"]
[WhiteElo "2272"]
[BlackElo "2443"]

1.e4 c5 2.Nf3 d6 3.Bb5+ Nc6 4.O-O Bd7 5.c3 Nf6 6.d4 Nxe4 7.d5 Ne5 8.Bxd7+ Qxd7
9.Nxe5 dxe5 10.Re1 f5 11.f3 Nf6 12.Rxe5 O-O-O 13.c4 e6 14.Nc3 exd5 15.Nxd5 Bd6
16.Nxf6 Qc7 17.Nd5 Bxe5 18.Bg5 Bxh2+ 19.Kh1 Bg3 20.f4 Rd6 21.Qf3 h6 22.Nxc7 hxg5+
23.Kg1 gxf4 24.Nd5 Rdh6 25.Kf1 Re6 26.Kg1 Reh6 27.Kf1 Re6 28.Kg1 Reh6 29.Kf1 Re8
30.Kg1 Reh8 31.Kf1 Re8 32.Kg1 Reh8 33.Kf1 Re8 34.Kg1 Reh8 35.Kf1  1/2-1/2

[Event "Guernsey Open"]
[Site "Guernsey GCI"]
[Date "2009.10.22"]
[Round "5"]
[White "Spanton,T"]
[Black "Maruejols,C"]
[Result "1-0"]
[WhiteElo "2009"]
[BlackElo "2052"]

1.e4 c5 2.Nf3 d6 3.Bb5+ Nc6 4.d4 cxd4 5.Qxd4 Bd7 6.Bxc6 Bxc6 7.Nc3 e6 8.Bg5 Nf6
9.O-O-O Be7 10.Rhe1 O-O 11.Kb1 Qc7 12.Qd2 Rfc8 13.Nd4 Rab8 14.f3 b5 15.g4 b4
16.Nce2 Bd7 17.Ng3 g6 18.h4 e5 19.Ndf5 gxf5 20.gxf5 Kh8 21.Bxf6+ Bxf6 22.Nh5 Bxh4
23.Rh1 Qxc2+ 24.Qxc2 Rxc2 25.Kxc2 Be7 26.Rh2 Ba4+ 27.b3 Bb5 28.f6 Bf8 29.Ng3 Rc8+
30.Kb2 Bd7 31.Rdh1 h6 32.Nh5 Be6 33.f4 Bg4 34.Ng3 Bg7 35.fxg7+ Kxg7 36.Rg1  1-0

[Event "8th TCh-Eur w"]
[Site "Novi Sad SRB"]
[Date "2009.10.22"]
[Round "1"]
[White "Koskoska,G"]
[Black "Schut,L"]
[Result "1/2-1/2"]
[WhiteElo "2182"]
[BlackElo "2221"]

1.e4 c5 2.Nf3 d6 3.Bb5+ Nd7 4.d4 cxd4 5.Qxd4 e5 6.Qd3 h6 7.c4 Nf6 8.Nc3 a6
9.Bxd7+ Bxd7 10.O-O b5 11.cxb5 axb5 12.Nxb5 Qb6 13.Nc3 Be7 14.b3 O-O 15.Be3 Qb7
16.Nd2 Bc6 17.f3 d5 18.exd5 Nxd5 19.Nxd5 Bxd5 20.Qf5 Be6 21.Qe4 Bd5 22.Qf5 Be6
23.Qe4 Bd5  1/2-1/2

[Event "8th TCh-Eur w"]
[Site "Novi Sad SRB"]
[Date "2009.10.22"]
[Round "1"]
[White "Kulovana,E"]
[Black "Khukhashvili,S"]
[Result "0-1"]
[WhiteElo "2287"]
[BlackElo "2451"]

1.e4 c5 2.Nf3 d6 3.Bb5+ Nd7 4.d4 cxd4 5.Qxd4 a6 6.Bxd7+ Bxd7 7.O-O Rc8 8.Nc3 e5
9.Qd3 h6 10.Be3 Nf6 11.a4 Qc7 12.a5 Be6 13.Nd2 Be7 14.Rfc1 Qc6 15.Na4 d5
16.exd5 Nxd5 17.Nb6 Rd8 18.Nxd5 Bxd5 19.Qf1 O-O 20.c4 Be6 21.Nf3 Bf6 22.Ne1 e4
23.Rab1 Qa4 24.Bb6 Rd2 25.b3 Qa2 26.Be3 Rd7 27.Bb6 Bf5 28.Nc2 e3 29.Nxe3 Bxb1
30.Rxb1 Rd2 31.Nd5 Bd8 32.Bc5 Re8 33.b4 Rc2 34.g3 Qxc4 35.Qxc4 Rxc4 36.Rd1 Bxa5
37.Ne3 Rxb4 38.Bxb4 Bxb4 39.Rd7 b5 40.Nd5 Bf8 41.Ra7 Re5 42.Nb6 Re6 43.Rb7 g6
44.Rb8 Kg7 45.Nd7 Be7 46.f4 b4 47.Kf2 a5 48.Kf3 a4 49.g4 a3 50.f5 Ra6 51.f6+ Bxf6
52.Nc5 a2  0-1

[Event "17th TCh-Eur"]
[Site "Novi Sad SRB"]
[Date "2009.10.22"]
[Round "1"]
[White "Borisek,J"]
[Black "Linster,P"]
[Result "1/2-1/2"]
[WhiteElo "2575"]
[BlackElo "2230"]

1.e4 c5 2.Nf3 d6 3.Bb5+ Nc6 4.O-O Bd7 5.c3 Nf6 6.Re1 a6 7.Ba4 c4 8.h3 e5
9.Bc2 Be7 10.b3 b5 11.Na3 Na5 12.d4 cxd3 13.Bxd3 h6 14.Nc2 O-O 15.Ne3 Re8
16.b4 Nc6 17.a4 Rb8 18.axb5 axb5 19.Nd5 Bf8 20.Nxf6+ Qxf6 21.Qe2 Qg6 22.Bxb5 d5
23.Bxc6 Bxc6 24.exd5 Bxd5 25.Ra5 e4 26.Nd4 Bb7 27.Qg4 Qxg4 28.hxg4 Rbc8 29.Bd2 Red8
30.Ra7 Ba8 31.Rea1 Bd5 32.g5 hxg5 33.Bxg5 f6 34.Bd2 Bf7 35.Rb7 Bd5 36.Rb6 Rd7
37.Ra3 Bd6 38.Be3 Be5 39.g3 Kf7 40.Rba6 Bxd4 41.Bxd4 Bc4 42.Ra8 Rxa8 43.Rxa8 Ke6
44.Rc8 Ba2  1/2-1/2

[Event "Chigorin Mem Open"]
[Site "St Petersburg RUS"]
[Date "2009.10.22"]
[Round "7"]
[White "Shomoev,A"]
[Black "Solovjov,S"]
[Result "1-0"]
[WhiteElo "2566"]
[BlackElo "2398"]

1.e4 c5 2.Nf3 d6 3.Bb5+ Bd7 4.Bxd7+ Qxd7 5.c4 Nc6 6.d4 cxd4 7.Nxd4 Nf6 8.f3 Nxd4
9.Qxd4 g6 10.Nc3 Bg7 11.Be3 O-O 12.Qd3 Qc6 13.O-O Nd7 14.b3 Ne5 15.Qd2 Rfe8
16.Rac1 a6 17.Bd4 Rad8 18.Kh1 Nd7 19.Bxg7 Kxg7 20.f4 Nf6 21.Qd3 Qc5 22.a4 e6
23.Rce1 Kg8 24.Qf3 Qh5 25.Qg3 Ng4 26.h3 Nh6 27.Rf3 f5 28.Rd3 Nf7 29.Rde3 Kf8
30.Qf2 Qh6 31.exf5 gxf5 32.Qe2 e5 33.Nd5 Rd7 34.Qc2 e4 35.Qc3 Re6 36.Rg3 Rg6
37.Ree3 Qg7 38.Qe1 Nd8 39.Kh2 Nc6 40.Qd1 Ne7 41.Nb6 Rd8 42.a5 Qh6 43.Qd4 Qg7
44.Qd2 Qh6 45.Qf2 Kf7 46.Rxg6 hxg6 47.Re1 Qg7 48.Qd2 Qf6 49.Nd5 Qe6 50.Ne3 Qf6
51.Rd1 Qh4 52.Nd5 Nxd5 53.Qxd5+ Kf8 54.g3 Qh5 55.Rg1 Qh7 56.g4 Qh4 57.Qd4 Kf7
58.Rg3 Qf6 59.Qd5+ Kf8 60.gxf5 Qxf5 61.Qd2 Kf7 62.Rg5 Qe6 63.Qe3 Re8 64.Rd5 Qf6
65.Rd4 Kg7 66.Rd5 Re7 67.Rg5 Kf7 68.Kg3 Qa1 69.Rd5 Re6 70.h4 Qh1 71.b4 Qf1
72.Rd4 Qb1 73.c5 d5 74.Rxd5 Qxb4 75.h5 gxh5 76.f5 Rf6 77.Rd7+ Kf8 78.Kh4 Qb2
79.Qxe4 Rf7 80.Rd8+ Kg7 81.Rd6 Qh2+ 82.Kg5 Qg3+ 83.Kxh5 Qh3+ 84.Kg5 Qg3+
85.Qg4 Qe3+ 86.Kh5+ Kf8 87.Rd8+ Ke7 88.Rh8 Kd7 89.Kg6 Re7 90.f6+ Re6 91.Kf7 Qe5
92.Rh6 Qd5 93.Rh2  1-0

[Event "WJun"]
[Site "Puerto Madryn ARG"]
[Date "2009.10.23"]
[Round "2"]
[White "Shyam,SM"]
[Black "Robson,R"]
[Result "0-1"]
[WhiteElo "2403"]
[BlackElo "2527"]

1.e4 c5 2.Nf3 d6 3.Bb5+ Bd7 4.Bxd7+ Qxd7 5.c4 Nf6 6.Nc3 g6 7.d4 cxd4 8.Nxd4 Bg7
9.h3 O-O 10.Be3 Rc8 11.b3 Na6 12.O-O Nc5 13.Qc2 e5 14.Nde2 b5 15.Bxc5 Rxc5
16.cxb5 Qxb5 17.Rfd1 Qc6 18.Qd3 Rc8 19.Rac1 Bh6 20.Nd5 Nxd5 21.exd5 Qc7 22.Rxc5 Qxc5
23.Ng3 f5 24.Nf1 e4 25.Qa6 Rc7 26.Qa4 Qc2 27.Rd4 Bg5 28.Rb4 Kg7 29.Rb8 Qd1
30.Qe8 Kh6 31.g4 fxg4 32.Qf8+ Kh5 33.Qxd6 Rc1 34.hxg4+ Qxg4+ 35.Qg3 Bf4 36.Qxg4+ Kxg4
37.Rf8 Rd1 38.Kg2 Rxd5 39.Rf7 h5 40.Rxa7 h4 41.Rh7 Rd1 42.Nh2+ Bxh2 43.Kxh2 e3
44.fxe3 Rd2+ 45.Kg1 Kg3 46.Rf7 h3 47.a4 h2+  0-1

[Event "WJun Girls"]
[Site "Puerto Madryn ARG"]
[Date "2009.10.23"]
[Round "3"]
[White "Tjolsen,K"]
[Black "Flores,N"]
[Result "1/2-1/2"]
[WhiteElo "2178"]
[BlackElo "1927"]

1.e4 c5 2.Nf3 d6 3.Bb5+ Bd7 4.Bxd7+ Nxd7 5.c4 Ngf6 6.Nc3 g6 7.d4 Bg7 8.O-O O-O
9.e5 dxe5 10.dxe5 Ng4 11.e6 Nde5 12.Qe2 Nxf3+ 13.Qxf3 h5 14.Qe4 Qd6 15.exf7+ Rxf7
16.g3 Bd4 17.Bf4 e5 18.Be3 Bxe3 19.fxe3 Raf8 20.Rxf7 Rxf7 21.Nd5 Qe6 22.Nf4 Qf5
23.Qxf5 gxf5 24.Nd5 e4 25.Rd1 Ne5 26.b3 Nf3+ 27.Kg2 h4 28.Nf4 hxg3 29.hxg3 Ne5
30.Rd8+ Kh7 31.Rd6 Ng4 32.Nd5 Kg7 33.Kf1 Ne5 34.Ke2 Rd7 35.Re6 Nd3 36.Re7+ Rxe7
37.Nxe7 Kf6 38.Nc8 a6 39.Nd6 b6 40.Nc8 b5 41.cxb5 axb5 42.a4 c4 43.axb5 cxb3
44.Kd2 Ke6 45.Nb6 Kd6 46.Na4 Nc5 47.Nb6 Nb7 48.Na4 Kd5 49.Kc3 Nc5 50.Nb6+ Kd6
51.Nc4+ Kd5 52.Kb4 Nd7 53.Kxb3 Kc5 54.Kc3 Nf6 55.Kb3 Nd5 56.b6 Nxb6  1/2-1/2

[Event "Chigorin Mem Open"]
[Site "St Petersburg RUS"]
[Date "2009.10.23"]
[Round "8"]
[White "Iordachescu,V"]
[Black "Zherebukh,Y"]
[Result "1-0"]
[WhiteElo "2607"]
[BlackElo "2544"]

1.e4 c5 2.Nf3 d6 3.Bb5+ Nd7 4.O-O a6 5.Bxd7+ Bxd7 6.d4 cxd4 7.Qxd4 Rc8 8.a4 e5
9.Qd3 h6 10.c4 Nf6 11.Nc3 Be7 12.Ne1 Qc7 13.b3 b5 14.axb5 axb5 15.Nxb5 Bxb5
16.cxb5 Qb7 17.Nc2 Nxe4 18.Ne3 Nc5 19.Qc4 g6 20.Nd5 Ne6 21.Ra7 Qxa7 22.Qxc8+ Nd8
23.Nc7+ Kf8 24.Qd7  1-0

[Event "Chigorin Mem Open"]
[Site "St Petersburg RUS"]
[Date "2009.10.23"]
[Round "8"]
[White "Trushelyov,V"]
[Black "Kokarev,Dm"]
[Result "1/2-1/2"]
[WhiteElo "2396"]
[BlackElo "2630"]

1.e4 c5 2.Nf3 d6 3.Bb5+ Bd7 4.Bxd7+ Qxd7 5.O-O Nf6 6.e5 dxe5 7.Nxe5 Qc8 8.Nc3 e6
9.d4 Nc6 10.Be3 a6 11.Nxc6 Qxc6 12.dxc5 Bxc5 13.Bxc5 Qxc5 14.Qe2 Qb4 15.Rab1 Rc8
16.a3 Qc4 17.Qe3 O-O 18.Rfd1 Rfd8 19.Qb6 Nd5 20.Nxd5 Rxd5 21.c3 Rb8 22.h3 g6
23.Rbc1 Qf4 24.Qe3 Qxe3 25.fxe3 Rbd8 26.Rxd5 Rxd5 27.Rc2 Kg7 28.Kf2 Kf6 29.Ke2 Ke5
30.c4 Rd7  1/2-1/2

[Event "Guernsey Open"]
[Site "Guernsey GCI"]
[Date "2009.10.24"]
[Round "7"]
[White "Murray,JS"]
[Black "Brookfield,T"]
[Result "1/2-1/2"]
[WhiteElo "1964"]
[BlackElo "1779"]

1.e4 c5 2.Nf3 d6 3.Bb5+ Bd7 4.Bxd7+ Qxd7 5.O-O g6 6.c3 Nc6 7.d4 cxd4 8.cxd4 Bg7
9.Nc3 e6 10.Be3 Nge7 11.Qd2 O-O 12.Bh6 Rfd8 13.Bxg7 Kxg7 14.Rac1 Rac8 15.h3 d5  1/2-1/2

[Event "WJun Girls"]
[Site "Puerto Madryn ARG"]
[Date "2009.10.24"]
[Round "4"]
[White "Steil Antoni,F"]
[Black "Soumya,Sw"]
[Result "1/2-1/2"]
[WhiteElo "2152"]
[BlackElo "2297"]

1.e4 c5 2.Nf3 d6 3.Bb5+ Nd7 4.O-O Nf6 5.Re1 g6 6.c3 Bg7 7.d4 O-O 8.h3 a6
9.Bf1 cxd4 10.cxd4 b6 11.Nc3 Bb7 12.Bf4 b5 13.Qd3 Nb6 14.e5 Nfd5 15.Nxd5 Bxd5
16.Qe3 Qd7 17.Bh6 Bxh6 18.Qxh6 Bxf3 19.gxf3 dxe5 20.dxe5 Rad8 21.Qe3 Qe6
22.b3 Rd7 23.Rad1 Nd5 24.Qg5 Rfd8 25.Kh2 Qb6 26.Kg3 f6 27.exf6 exf6 28.Qc1 Qd6+
29.Kg2 Nf4+ 30.Kh1 Nd5 31.Bg2 Qf4 32.Re6 a5 33.Qxf4 Nxf4 34.Rxd7 Rxd7 35.Rxf6 Nxg2
36.Kxg2 Rd2 37.a3 Rd3 38.Ra6 Rxb3 39.Rxa5 Kf7 40.a4 b4 41.Rb5 Ke6 42.a5 Kf6
43.a6 Ra3 44.Rxb4 Rxa6 45.Rb7 h6 46.Rh7 h5 47.Rb7 Ra4 48.Kg3 h4+ 49.Kg2 g5
50.Rb8 Kf5 51.Rf8+ Ke5 52.Re8+  1/2-1/2

[Event "Chigorin Mem Open"]
[Site "St Petersburg RUS"]
[Date "2009.10.24"]
[Round "9"]
[White "Papin,V"]
[Black "Kurnosov,I"]
[Result "1/2-1/2"]
[WhiteElo "2529"]
[BlackElo "2669"]

1.e4 c5 2.Nf3 d6 3.Bb5+ Nd7 4.d4 Nf6 5.O-O cxd4 6.Qxd4 e5 7.Qd3 h6 8.c4 Be7
9.Nc3 O-O 10.Bxd7 Bxd7 11.Rd1 Rc8 12.b3 a6 13.a4 Bg4 14.Ba3 Rc6 15.h3 Bh5
16.Rd2 Bg6 17.Rad1 Qa5 18.Nd5 Nxd5 19.Qxd5 Qc7 20.Ne1 Bh5 21.g4 Bg6 22.Ng2 Rb6
23.Rd3 Qc6 24.f3 Qc8 25.Ne3  1/2-1/2

[Event "24th GP Open A"]
[Site "Le Touquet FRA"]
[Date "2009.10.25"]
[Round "2"]
[White "Platel,Al"]
[Black "Riff,JN"]
[Result "0-1"]
[WhiteElo "2244"]
[BlackElo "2501"]

1.e4 c5 2.Nf3 d6 3.Bb5+ Nc6 4.O-O Bd7 5.Re1 Nf6 6.h3 Ne5 7.Bxd7+ Nfxd7 8.Nxe5 dxe5
9.d3 e6 10.a4 Be7 11.Na3 a6 12.Bd2 b6 13.Qg4 O-O 14.Bh6 Bf6 15.Re3 Kh8  0-1

[Event "8th TCh-Eur w"]
[Site "Novi Sad SRB"]
[Date "2009.10.25"]
[Round "4"]
[White "Lauterbach,I"]
[Black "Mijovic,A"]
[Result "0-1"]
[WhiteElo "2163"]
[BlackElo "2173"]

1.e4 c5 2.Nf3 d6 3.Bb5+ Bd7 4.Bxd7+ Qxd7 5.O-O g6 6.c3 Bg7 7.d4 cxd4 8.Nxd4 Nf6
9.f3 O-O 10.Na3 Nc6 11.Nac2 d5 12.Nxc6 bxc6 13.Nb4 a5 14.Nc2 dxe4 15.Qxd7 Nxd7
16.fxe4 Nc5 17.Re1 Rab8 18.Na3 Rfd8 19.Nc4 Nd3 20.Re2 Ne5 21.Ne3 a4 22.h3 Bh6
23.Kf2 Nd3+ 24.Kf3 Rd6 25.g3 Rf6+ 26.Kg2 Nxc1 27.Rxc1 Bxe3 28.Rxe3 Rxb2+
29.Kg1 Rxa2 30.c4 Rff2 31.h4 c5 32.e5 Rfe2 33.Rxe2 Rxe2 34.Ra1 Rxe5 35.Kf2 Re4
36.Rxa4 f5 37.Kf3 Kf7 38.Kf2 h5 39.Kf3 Kf6 40.Ra6+ e6 41.Ra4 Ke5 42.Kf2 f4
43.Kg2 fxg3 44.Kxg3 Rg4+ 45.Kh3 Kd4 46.Ra1 e5 47.Re1 e4 48.Rc1 e3  0-1

[Event "WJun"]
[Site "Puerto Madryn ARG"]
[Date "2009.10.27"]
[Round "7"]
[White "Popov,Iv RUS"]
[Black "Olszewski,Mi"]
[Result "1-0"]
[WhiteElo "2582"]
[BlackElo "2544"]

1.e4 c5 2.Nf3 d6 3.Bb5+ Nd7 4.d4 Nf6 5.Nc3 a6 6.Bxd7+ Nxd7 7.Bg5 Qc7 8.Nd5 Qd8
9.O-O f6 10.Bh4 e6 11.Nf4 Nb6 12.e5 Be7 13.Nh5 O-O 14.exf6 gxf6 15.dxc5 dxc5
16.Ne5 Qxd1 17.Raxd1 Nd5 18.Ng4 Kf7 19.f4 Kg6 20.Ng3 h5 21.f5+ exf5 22.Rxd5 hxg4
23.Nxf5 Bxf5 24.Rdxf5 Rad8 25.R5f4 Rd4 26.g3 Rfd8 27.Rxf6+ Bxf6 28.Bxf6 R8d6
29.Bxd4 cxd4 30.Rf2 Kg5 31.Kf1 d3 32.cxd3 Rxd3 33.Ke2 Rd7 34.Ke3 Rd6 35.Ke4 Rb6
36.Kd5 Kg6 37.b3 Kg5 38.Ke5 a5 39.Rf5+ Kg6 40.Rf4 Kg5 41.Ra4 Rb5+ 42.Kd6 Kh5
43.Re4 Rb6+ 44.Ke7 Rb5 45.Kf6  1-0

[Event "World Seniors w"]
[Site "Condino ITA"]
[Date "2009.10.28"]
[Round "2"]
[White "Voronova,T"]
[Black "Elstein,Alla Dr"]
[Result "1-0"]
[WhiteElo "2226"]
[BlackElo "1677"]

1.e4 c5 2.Nf3 d6 3.Bb5+ Bd7 4.Bxd7+ Nxd7 5.O-O e5 6.Qe2 a6 7.a4 g6 8.Na3 Bg7
9.Qd3 Ndf6 10.Nc4 Bf8 11.a5 Qc7 12.Re1 Rd8 13.Qe2 Ne7 14.d3 h6 15.Nh4 Bg7
16.g3 O-O 17.Ng2 Rfe8 18.Qf3 Nc6 19.c3 d5 20.exd5 Nxd5 21.Be3 Qe7 22.Rad1 e4
23.dxe4 Qxe4 24.Qxe4 Rxe4 25.Nb6 Nxe3 26.Rxd8+ Nxd8 27.Rxe3 Rxe3 28.Nxe3 Nc6
29.Nec4 Bf6 30.Kf1 Ne5 31.Nxe5 Bxe5 32.Nd7 Bd6 33.Ke2 f5 34.Kd3 Kf7 35.Kc4 Ke7
36.Nxc5 Bxc5 37.Kxc5 Kd7 38.Kb6 Kc8 39.b4 Kb8 40.c4  1-0

[Event "24th GP Open A"]
[Site "Le Touquet FRA"]
[Date "2009.10.28"]
[Round "7"]
[White "Riff,JN"]
[Black "Degraeve,JM"]
[Result "1/2-1/2"]
[WhiteElo "2501"]
[BlackElo "2573"]

1.e4 c5 2.Nf3 d6 3.Bb5+ Bd7 4.Bxd7+ Qxd7 5.c4 Nf6 6.Nc3 g6 7.d4 cxd4 8.Nxd4 Bg7
9.O-O O-O 10.f3 Rc8 11.b3 d5 12.exd5 Nxd5 13.Nxd5 e6 14.Bh6 exd5 15.Bxg7 Kxg7
16.Nb5 dxc4 17.Nd6 Rd8 18.Nxf7 Qxd1 19.Rfxd1 Rxd1+ 20.Rxd1 cxb3 21.axb3  1/2-1/2

[Event "IV Open"]
[Site "Bogota COL"]
[Date "2009.10.30"]
[Round "3"]
[White "Lopez Idarraga,D"]
[Black "Alvarez,Ja"]
[Result "0-1"]
[WhiteElo "1973"]
[BlackElo "2158"]

1.e4 c5 2.Nf3 d6 3.Bb5+ Bd7 4.a4 Nf6 5.Nc3 Nc6 6.O-O g6 7.d4 cxd4 8.Nxd4 Bg7
9.Bg5 O-O 10.Re1 a6 11.Bf1 Qa5 12.Nxc6 Bxc6 13.Qd2 Rfe8 14.Rad1 Nd7 15.Nd5 Qxd2
16.Rxd2 Bxd5 17.exd5 h6 18.Rxe7 Rxe7 19.Bxe7 Be5 20.Bh4 Bxb2 21.Bg3 Be5 22.Bxe5 Nxe5
23.c4 Nd7 24.Bd3 Rc8 25.f4 Nb6 26.Rb2 Nxa4 27.Rb1 Kg7 28.Kf2 Nc5 29.Ke3 h5
30.h4 Kf6 31.Rb6 Rd8 32.Kd4 a5 33.Bc2 Ke7 34.f5 gxf5 35.Bxf5 Rg8 36.Rb2 a4
37.Re2+ Kd8 38.Bh3 Rg3 39.Bf5 a3 40.Bb1 Kc7 41.Rf2 Kb6 42.Rf3 Nb3+ 43.Kc3 Rxf3+
44.gxf3 Nc1 45.Bh7 Kc5 46.Bg8 f6 47.Bf7 Ne2+ 48.Kb3 Nf4 49.Be8 a2 50.Kxa2 Kxc4
51.Kb2 Kxd5  0-1

[Event "24th GP Open A"]
[Site "Le Touquet FRA"]
[Date "2009.10.30"]
[Round "9"]
[White "Vovk,Y"]
[Black "Riff,JN"]
[Result "1/2-1/2"]
[WhiteElo "2538"]
[BlackElo "2501"]

1.e4 c5 2.Nf3 d6 3.Bb5+ Nc6 4.O-O Bd7 5.c3 Nf6 6.Re1 a6 7.Ba4 b5 8.Bc2 e5
9.h3 Be7 10.d4 O-O 11.Nbd2 cxd4 12.cxd4 Qc7 13.a3 Rac8 14.d5 Na5 15.Bd3 Rfd8
16.Nf1 Nc4 17.b3 Nb6 18.Bd2 Qb7 19.Ne3 g6 20.Qb1 Bf8  1/2-1/2

[Event "IV Open"]
[Site "Bogota COL"]
[Date "2009.10.31"]
[Round "5"]
[White "Perez Garcia,Rodn"]
[Black "Barrientos,S"]
[Result "1/2-1/2"]
[WhiteElo "2446"]
[BlackElo "2468"]

1.e4 c5 2.Nf3 d6 3.Bb5+ Nd7 4.O-O Nf6 5.Re1 a6 6.Bxd7+ Bxd7 7.e5 dxe5 8.Nxe5 e6
9.d3 Be7 10.Qf3 Bc8 11.a4 O-O 12.a5 Nd5 13.Bd2 Bd6 14.Nc4 Bc7 15.Nba3 Bd7
16.Ne5 Be8 17.Nac4 Bb5 18.Qh3 Re8 19.Re4 f6 20.Nf3 Qd7 21.Rh4 e5 22.Rxh7 Qxh3
23.Rxh3 Bd7 24.Rh4 g5 25.Bf4 exf4 26.Rh5 Bg4 27.Rh6 Kg7 28.Kf1 Be6 29.Nfd2 g4
30.Re1  1/2-1/2

[Event "TCh-NED 2009-10"]
[Site "Netherlands NED"]
[Date "2009.10.31"]
[Round "2"]
[White "Bierenbroodspot,P"]
[Black "Burg,T"]
[Result "1-0"]
[WhiteElo "2252"]
[BlackElo "2449"]

1.e4 c5 2.Nf3 d6 3.Bb5+ Nc6 4.d4 cxd4 5.Qxd4 Bd7 6.Bxc6 Bxc6 7.Nc3 e6 8.Bg5 Nf6
9.O-O-O Be7 10.Rhe1 O-O 11.e5 dxe5 12.Qh4 Qc7 13.Nxe5 Rac8 14.Ng4 Nxg4 15.Bxe7 Qf4+
16.Rd2 Rfe8 17.f3 Bxf3 18.gxf3 Qxf3 19.Ne4 Ne5 20.Bc5 h6 21.Rf2 Nd3+ 22.cxd3 Qxd3
23.Rc2 Red8 24.Qg3 Qa6 25.Rg1 g6 26.Nf6+ Kg7 27.Nh5+ Kh7 28.Qe5 Qxa2 29.Qg7+  1-0

[Event "WJun Girls"]
[Site "Puerto Madryn ARG"]
[Date "2009.11.01"]
[Round "11"]
[White "Yildiz,B"]
[Black "Paulet,I"]
[Result "1-0"]
[WhiteElo "2224"]
[BlackElo "2342"]

1.e4 c5 2.Nf3 d6 3.Bb5+ Bd7 4.Bxd7+ Qxd7 5.c4 Nf6 6.Nc3 g6 7.d4 cxd4 8.Nxd4 Bg7
9.f3 O-O 10.Be3 Rc8 11.b3 Nc6 12.O-O Qd8 13.Qd2 a6 14.Rfd1 Qa5 15.a4 Qb4
16.Rab1 Qa5 17.Nde2 Ne5 18.Rdc1 Nfd7 19.Nf4 Qd8 20.Ncd5 e6 21.Nc3 Qe7 22.Rd1 Rc6
23.Nfe2 f5 24.Nd4 Rcc8 25.exf5 gxf5 26.Re1 Bf6 27.Nce2 Kh8 28.Nf4 Nc5 29.Rbc1 Rg8
30.Kh1 Bg5 31.b4 Bxf4 32.bxc5 Bxe3 33.Qxe3 Qg7 34.Re2 Rae8 35.cxd6 Nd7 36.Nxf5 exf5
37.Qxe8 Rxe8 38.Rxe8+ Nf8 39.Rd1 Qd7 40.Rxf8+ Kg7 41.Rb8 Kf6 42.Rxb7 Qxa4
43.Rbb1 Qd7 44.c5  1-0

[Event "13th OIBM"]
[Site "Bad Wiessee GER"]
[Date "2009.11.02"]
[Round "4"]
[White "Seyb,D"]
[Black "Bromberger,S"]
[Result "1/2-1/2"]
[WhiteElo "2266"]
[BlackElo "2518"]

1.e4 c5 2.Nf3 d6 3.Bb5+ Nd7 4.d4 Nf6 5.e5 Qa5+ 6.Nc3 Ne4 7.Rb1 a6 8.O-O Nxc3
9.Bxd7+ Bxd7 10.bxc3 e6 11.Bf4 d5 12.Rxb7  1/2-1/2

[Event "WJun Girls"]
[Site "Puerto Madryn ARG"]
[Date "2009.11.02"]
[Round "12"]
[White "Yildiz,B"]
[Black "Severiukhina,Z"]
[Result "1-0"]
[WhiteElo "2224"]
[BlackElo "2339"]

1.e4 c5 2.Nf3 d6 3.Bb5+ Bd7 4.Bxd7+ Qxd7 5.c4 Nf6 6.Nc3 g6 7.d4 cxd4 8.Nxd4 Bg7
9.f3 O-O 10.Be3 Rc8 11.b3 a6 12.Qd2 b5 13.cxb5 e5 14.Nc2 d5 15.exd5 axb5
16.Rc1 e4 17.Bd4 exf3 18.O-O Rd8 19.Rxf3 Qd6 20.Rxf6 Bxf6 21.Ne4 Bxd4+ 22.Qxd4 Qa6
23.Nf6+ Kg7 24.Ne8+ Kf8 25.Nc7 Qxa2 26.Nxa8 Qxa8 27.Qh8+ Ke7 28.Re1+ Kd7
29.Qe5 Qa7+ 30.Nd4 Qc5 31.Rf1 f5 32.Re1 Kc8 33.b4 Qc4 34.Qe3 Qxd5 35.Rc1+ Kb7
36.Ne6 Rd6 37.Rc7+  1-0

[Event "World Seniors"]
[Site "Condino ITA"]
[Date "2009.11.04"]
[Round "8"]
[White "Rooze,J"]
[Black "Sawadkuhi,M"]
[Result "1-0"]
[WhiteElo "2253"]
[BlackElo "2228"]

1.e4 c5 2.Nf3 d6 3.Bb5+ Bd7 4.Bxd7+ Qxd7 5.O-O Nf6 6.e5 dxe5 7.Nxe5 Qc8 8.Qf3 g6
9.Qb3 e6 10.d4 Nc6 11.Nxc6 Qxc6 12.dxc5 Bxc5 13.Qc3 Be7 14.Qxc6+ bxc6 15.Nd2 O-O
16.Nc4 Nd5 17.Be3 Nxe3 18.fxe3 f5 19.Kf2 Bf6 20.Rad1 Rfd8 21.Ke2 Kf7 22.b3 Rd5
23.e4 fxe4 24.Nd6+ Ke7 25.Nxe4 Rxd1 26.Rxd1 Be5 27.Rd3 Rf8 28.g3 h6 29.Rf3 Rd8
30.Nd2 Bc7 31.Nc4 h5 32.Nd2 g5 33.Ne4 g4 34.Rc3 Rd4 35.Rxc6 Rxe4+ 36.Kd3 Re1
37.Rxc7+ Kf6 38.Rc4 e5 39.Re4 Rd1+ 40.Kc3 Kf5 41.Re2 e4 42.Rd2 Rf1 43.Kd4 h4
44.Re2 hxg3 45.hxg3 Rf3 46.Re3 Rf2 47.Rc3 Rd2+ 48.Ke3 Rg2 49.Rc5+ Kf6 50.Kxe4 Rxg3
51.Kf4 Rg2 52.a4 a5 53.Rxa5 Rf2+ 54.Kxg4 Rxc2 55.Kf4 Ke6 56.Ke4 Kd6 57.Kd4 Kc6
58.Rb5 Rh2 59.Kc4 Rh6 60.Kb4 Rh8 61.Ra5 Rb8+ 62.Kc4  1-0